Vocabulaire espagnol aléatoire : nourriture - Statistiques

Statistiques générales
  • Ce quiz a été pris 719 fois
  • Le résultat moyen est 10 sur 30
Statistiques - réponses
Français Espagnol % Correct
Une orange Una {naranja}
93%
L'eau {Agua}
92%
Manger {Comer}
90%
Boire {Beber}
89%
Le lait La {leche}
85%
Du pain {Pan}
85%
La viande La {carne}
83%
Le sel La {sal}
83%
Un café Un {café}
82%
Un poulet Un {pollo}
82%
Du chocolat {Chocolate}
81%
Un œuf Un {huevo}
81%
Une bouteille Una {botella}
80%
Du vin blanc Vino {blanco}
79%
Du jambon {Jamón}
78%
Une pomme de terre Una {patata}
77%
Une pomme Una {manzana}
75%
Une tortilla Una {tortilla}
74%
Du vino {Vino}
73%
Chorizo {Chorizo}
72%
Une table Una {mesa}
72%
Une tarte Una {tarta}
72%
Du sucre {Azúcar}
71%
Un kiwi Un {kiwi}
71%
Un thé Un {té}
71%
Une fraise Una {fresa}
68%
Un melon Un {melón}
68%
Cuisiner {Cocinar}
67%
Le fromage El {queso}
67%
Une sauce Una {salsa}
67%
Des fruits {Frutas}
66%
Une assiette Un {plato}
65%
Une tomate Un {tomate}
65%
Du riz {Arroz}
62%
Des pâtes {Pastas}
60%
Du poisson {Pescado}
60%
Une poire Una {pera}
60%
Un citron Un {limón}
60%
Le dîner La {cena}
58%
Une recette Una {receta}
57%
Du saumon {Salmón}
56%
L'appetit El {apetito}
54%
Une banane Un {plátano}
54%
Un couteau Un {cuchillo}
53%
Un petit déjeuner Un {desayuno}
53%
Un ananas Una {piña}
52%
La faim El {hambre}
51%
Des frites {Patatas fritas}
51%
Une noix de coco Un {coco}
51%
Un yaourt Un {yogur}
51%
Un gâteau Un {pastel}
50%
Du miel {Miel}
49%
Un oignon Una {cebolla}
48%
Un verre Un {vaso}
48%
De l'huile {Aceite}
45%
Une cerise Una {cereza}
45%
Une salade Una {ensalada}
45%
Une laitue Una {lechuga}
45%
Une glace Un {helado}
45%
Une tasse Una {taza}
44%
Une fourchette Un {tenedor}
43%
De la mayonnaise {Mayonesa}
42%
Un jus Un {zumo}
41%
Du thon {Atún}
40%
Des céréales {Cereales}
40%
De la menthe {Menta}
40%
Un poivron Un {pimiento}
40%
La soif La {sed}
38%
Le beurre La {mantequilla}
37%
Un repas Una {comida}
37%
Une carotte Una {zanahoria}
36%
Du maïs {Maíz}
35%
De la canelle {Canela}
34%
Comestible {Comestible}
33%
Une cuillère Una {cuchara}
33%
Une pastèque Una {sandía}
33%
L'ail {Ajo}
31%
Un sandwich Un {bocadillo}
30%
Du canard {Pato}
29%
Des sardines {Sardinas}
29%
Un avocat Un {aguacate}
28%
Un brocoli Un {brócoli}
28%
Du vin rosé Vino {rosado}
27%
Cru {Crudo}
26%
Le citron vert La {lima}
26%
Le poivre {Pimiento}
26%
Des olives {Aceitunas}
25%
Les couverts Los {cubiertos}
25%
Un verra vin Una {copa}
24%
Une pêche Un {melocotón}
24%
Du porc {Cerdo}
23%
Des lentilles {Lentejas}
23%
Du vin rouge Vino {tinto}
23%
Léger {Ligero}
22%
Des biscuits {Galletas}
21%
Des noix {Nueces}
21%
Du chou fleur {Coliflor}
19%
Des épinards {Espinacas}
19%
Les épices Las {especias}
19%
Une saucisse Una {salchicha}
19%
Des légumes verts {Verduras}
18%
De la confiture {Mermelada}
17%
Des chips {Patatas fritas}
17%
Le goûter La {merienda}
16%
Une courgette Un {calabacín}
16%
Un concombre Un {pepino}
16%
Jaune d'œuf {Yema}
16%
Des pistaches {Pistachos}
15%
Rafraichissant {Refrescante}
15%
Une pâtisserie Una {pastelería}
15%
Une petite cuillère Un {cucharita}
15%
Fast food {Comida rápida}
14%
Des pois chiches {Garbanzos}
14%
Réchauffer {Calentar}
13%
Le vinaigre El {vinagre}
13%
Des œufs brouillés {Huevos revueltos}
13%
Des crevettes {Camarón}
12%
L'eau du robinet El {agua del grifo}
12%
La moutarde La {mostaza}
12%
Une serviette Una {servilleta}
12%
Un soft Un {refresco}
12%
Savourer {Saborear}
11%
La cuisson La {cocción}
10%
Des fruits de mer {Marisco}
10%
Un champignon Un {champiñone}
10%
De la crème {Nata}
9%
Un œuf dur Un {huevo cocido}
9%
La vaisselle La {vajilla}
8%
De la dinde {Pavo}
8%
Une brioche Un {bollo}
8%
Du bacon {Beicon}
7%
Trinquer {Brindar}
7%
Des raisins Las {huvas}
7%
Des amandes {Almendras}
6%
La purée El {puré de patatas}
6%
Des petits pois {Guisantes}
6%
Une prune Una {ciruela}
6%
Un mikshake Un {batido}
6%
De la vinaigrette {Vinagreta}
6%
Une bière Una {cerbeza}
5%
Du céleri {Apio}
4%
De l'agneau {Cordero}
4%
Croustillant {Crujiente}
4%
Le pain de mie El {pan de molde}
4%
Du veau {Ternera}
4%
Une nappe Un {mantel}
4%
Blanc d'œuf {Clara}
3%
Une framboise Una {frambuesca}
3%
Une bouchée Un {bocado}
3%
Des blettes {Acelgas}
2%
Appétissant {Apetitoso}
2%
Du bœuf {Carne de vaca}
2%
Des nouilles {Fideos}
2%
Des haricots verts {Judías verdes}
2%
Une aubergine Una {barenjena}
2%
Une entrée Una {entrente}
2%
une carafe Una {garrafa}
2%
Une asperge Un {espárago}
2%
Un bol Un {tazón}
2%
Des câpres {Alcaparras}
0%
Des noix de cajou {Anacardos}
0%
Des bonbons {Chuches}
0%
Le déjeuner El {amuerzo}
0%
Gras {Grasiento}
0%
Affamé {Hambriento}
0%
Le menu La {minuta}
0%
Un plat Una {fuente}
0%
Une tranche Una {loncha}
0%
Une myrtille Un {arándano}
0%
Un œuf sur le plat Un {huevo estrellado}
0%
Aucun quiz correspondant
Distribution des résultats
% des personnes avec chaque résultat
Percentile par nombre de réponses
Votre historique - résultats
Vous n’avez pas pris ce quiz